000 00553nam a2200181Ia 4500
005 20260429112243.0
008 260429s9999||||xx |||||||||||||| ||und||
020 _a9788177144451
041 _aHindi
082 _a891.433
_bAAR
100 _aआर्य, जियालाल
245 0 _aसागर की लहरों- सा /
_cजियालाल आर्य
250 _a1st ed.
260 _aदिल्ली :
_bप्रकाशन संस्थान,
_c2012.
300 _a104 p.; Hb
650 _aNovel
942 _cTB
999 _c53146
_d53146